00385 2200145 4500245005600000020001800056250002900074100001800103650002700121005001900148260004000167041001400207084000900221336000900230 aAl Quran dan tafsirnya jilid 1cLentera AbadihText a979-3843-02-0 aEdisi yang disempurnakan aLentera Abadi aAl Quran dan tafsirnya a20240827141238 aJakartabKementrian Agama RIc2010 aIndonesia aNONE atext